000 00825nam a22002657a 4500
003 CHAP
005 20220329140339.0
008 971013s1977 r 00010 d
010 _a50760
011 _a51732
035 _a55882
040 _cCHAP
082 _a624.15103
_bV6
245 _aVocabulario de mecánica de suelos
_b: terminos usados en latinoamérica
260 _aMéxico, D.F. :
_bLa Sociedad,
_c1977
300 _ac.a. 65 p.
590 _aBATCH-UPD
_b10
_c20130110
_lUCH01
_h2211
590 _aBATCH-UPD
_b10
_c20130410
_lUCH01
_h1513
590 _aBATCH-UPD
_b10
_c20130914
_lUCH01
_h1807
590 _aCONVERSION
_b10
_c20130109
_lUCH01
_h1328
650 1 4 _aMecánica de suelos
_xDiccionarios.
_973826
901 _aBK
942 _cLIBRO
949 _a624.15103 V6
_bBC
_cC
_d33724000526711
_eC
_h68492
_i55882
_mD
_si
999 _c50760
_d50760